Accounting spreadsheet applications : using microsoft Excel /

This book is about: Cash budget; Loan repayment schedule; Cash forecasting; Spreadsheet design; ...

Đã lưu trong:
Chi tiết về thư mục
Tác giả chính: Malycha, Paul.
Tác giả khác: Pascoe, Ian.
Định dạng: Sách
Ngôn ngữ:English
Được phát hành: South Melbourne : Nelson, 1996.
Những chủ đề:
Các nhãn: Thêm thẻ
Không có thẻ, Là người đầu tiên thẻ bản ghi này!
Thư viện lưu trữ: Mạng thư viện Đại học Đà Nẵng
LEADER 01119cam a2200373 i 4500
001 000049244
003 8980
005 20051111142845.0
008 010324b1996 vm 000 eng
020 |a 0170092321 
040 |a IRC  |c IRC  |d IRC 
041 0 |a eng 
082 1 4 |a 657.02855369  |b MA-P 
100 1 |a Malycha, Paul. 
245 0 0 |a Accounting spreadsheet applications :  |b using microsoft Excel /  |c Paul Malycha and Ian Pascoe. 
260 |a South Melbourne :  |b Nelson,  |c 1996. 
300 |a 342 p. ;  |c 29.5cm. 
520 3 |a This book is about: Cash budget; Loan repayment schedule; Cash forecasting; Spreadsheet design; ... 
630 0 4 |a Accounting. 
630 0 4 |a Microsoft Excel. 
650 0 4 |a Microsoft Excel (Computer file)  |x Problems, exercises, etc. 
650 0 4 |a Accounting  |x Data processing. 
650 0 4 |a Electronic spreadsheets. 
700 1 |a Pascoe, Ian. 
OWN |a DUT 
999 |a From the UDN01 
TYP |a Monograph 
TYP |a Printed language 
980 |a Mạng thư viện Đại học Đà Nẵng